El problema de la vida (Record no. 144902)

MARC details
000 -LEADER
campo de control de longitud fija 00761nam a2200205 4500
001 - NÚMERO DE CONTROL
campo de control 144902
003 - IDENTIFICADOR DE NÚMERO DE CONTROL
campo de control ES-MaACL
005 - FECHA Y HORA DE LA ÚLTIMA TRANSACCIÓN
campo de control 20230906201125.0
007 - CAMPO FIJO DE DESCRIPCIÓN FÍSICA--INFORMACIÓN GENERAL
campo de control de longitud fija t|
008 - DATOS DE LONGITUD FIJA--INFORMACIÓN GENERAL
campo de control de longitud fija 070214s1977 sp r ||||1| spa d
100 0# - ENTRADA PRINCIPAL--NOMBRE DE PERSONA
Nombre de persona Smith, C. U. M (
Forma completa/desarrollada del nombre Christopher Upham Murray)
9 (RLIN) 106854
245 13 - MENCIÓN DEL TÍTULO
Título El problema de la vida
Resto del título : (ensayo sobre los origenes del pensamiento biológico) /
Mención de responsabilidad, etc. C. U. M. Smith ; versión española de Natividad Sánchez Sainz-Trápaga.
260 ## - PUBLICACIÓN, DISTRIBUCIÓN, ETC.
Lugar de publicación, distribución, etc. Madrid :
Nombre del editor, distribuidor, etc. Alianza,
Fecha de publicación, distribución, etc. 1977 (
Fabricante Minuesa)
300 ## - DESCRIPCIÓN FÍSICA
Extensión 448 p. :
Otras características físicas il. ;
Dimensiones 20 cm.
490 1# - MENCIÓN DE SERIE
Mención de serie Alianza Universidad ;
Designación de volumen o secuencia 200
700 1# - ENTRADA AGREGADA--NOMBRE PERSONAL
Nombre de persona Sánchez Sáinz-Trápaga, Natividad.
9 (RLIN) 102913
830 0# - PUNTO DE ACCESO ADICIONAL DE SERIE-TÍTULO UNIFORME
Título uniforme Alianza Universidad ;
Designación de volumen o secuencia 200
9 (RLIN) 177276
852 ## - LOCALIZACIÓN
Ubicación ES-MaACL
Número de control de estantería A-7801
Sublocalización o colección R.96964
Holdings
Estatus retirado Estado de pérdida Estado de daño No para préstamo Biblioteca de origen Biblioteca actual Ubicación en estantería Fecha de adquisición Fuente de adquisición Total de préstamos Signatura topográfica completa Código de barras Visto por última vez Precio de reemplazo Tipo de ítem Koha
        Biblioteca del Ateneo de Madrid Biblioteca del Ateneo de Madrid Sala Pecera Planta 1 17/01/2008     A-7801 1151190 23/02/2023 23/02/2023 Libro impreso